006550000a220009700045001000022000002450091000223000049001135000050001625200300002127730045005121 aBustelo, Gabriela10aEl hombre que no entendía a las mujeres : 150 años del nacimiento de Sigmund Freud aVol.0, núm.8 (Mayo, 2006), Páginas 18-19 aEscritora, traductora y guionista española. a"La gran pregunta que no he sido capaz de responder tras treinta años de estudio del alma femenina es: ¿qué quieren las mujeres?" Esto se preguntaba en los últimos años de su vida un perplejo Sigmund Freud, de quien en mayo de este año se celebra el 150 aniversario de su nacimiento.0 tArcadia / Andrés Felipe Solano, Editor